The Smallest and Least Populated Overseas Territories - Statistics

General Stats
  • This quiz has been taken 35 times
  • The average score is 9 of 17
Answer Stats
Answer % Correct
Pitcairn Islands
75%
Gibraltar
71%
Niue
71%
Tokelau
71%
Cook Islands
61%
Falkland Islands
57%
Sint Maarten
57%
Bermuda
54%
St. Helena, Ascension and Tristan da Cunha
54%
Jersey
50%
Montserrat
50%
Saint-Martin
50%
Anguilla
46%
Guernsey
46%
Saint-Barthélemy
39%
Saint-Pierre and Miquelon
39%
Wallis and Futuna
36%
No matching quizzes found
Score Distribution
Percent of People with Each Score
Percentile by Number Answered
Your Score History
You have not taken this quiz